Statistics for Religion in Portugal

Click here to take the quiz!

General Stats

  • This quiz has been taken 47 times
  • The average score is 3 of 5

Answer Stats

PercentageReligion% Correct
3.3%Other Christian
77%
81.0%Catholicism
73%
6.8%No Religion
41%
0.6%Other Religion
36%
8.3%Unknown
23%

Score Distribution

Percentile by Number Answered

Percent of People with Each Score

Your Score History

You have not taken this quiz